000 01557nam0a2200301 i 4500
001 RU\NLR\bibl\1938425
005 20260406145005.0
010 _a9785699578146
_95100
021 _aRU
_b2012-56115
_9388д/12
035 _a(NLR Aleph) 001927714
090 _a3392797
_c3392797
100 _a20120829d2012 u y0rusy50 ca
101 0 _arus
102 _aRU
105 _aa |||||||||
200 1 _aСчастья и расплаты
_eстихи 2011-2012 годов
_fЕвгений Евтушенко
210 _aМосква
_cЭксмо
_d2012
215 _a397, [1] с., [12] л. ил., цв. ил., портр.
_cил.
_d17
225 1 _aПоэзия подарочная
327 1 _aСодерж.: Дора Франко: поэма; циклы: От страха мыслить, просто лени...; В Сталинской эре, пышной и низкой; Поэзия - великая держава; Венок Мандельштаму; Держитесь, песни русские!; Как из страниц слагается и повесть, так из людей слагается и совесть; Я ножом ничьих икон не раскрошу; Моя родина всегда со мной
686 _aШ6(2=Р)8-5
700 1 _4070
_8rus
_7ca
_aЕвтушенко
_bЕ. А.
_f1933-2017
_gЕвгений Александрович
_3RU\NLR\AUTH\774450
_9114430
801 0 _aRU
_bNLR
_c20120829
_gRCR
801 1 _aRU
_bNLR
_c20120829
942 _cBOOK
980 _aNBR